| 000 -CABECERA |
| Longitud fija campo de control |
00644nam a22002057a 4500 |
| 003 - IDENTIFICADOR DEL NÚMERO DE CONTROL |
| Identificador del número de control |
OSt |
| 005 - FECHA Y HORA DE LA ÚLTIMA TRANSACCIÓN |
| Fecha y hora de la última transacción |
20131030135144.0 |
| 008 - CÓDIGOS DE INFORMACIÓN DE LONGITUD FIJA |
| Códigos de información de longitud fija |
130528s1999 sp ||||| |||| 00| 0 spa d |
| 020 ## - NÚMERO INTERNACIONAL NORMALIZADO PARA LIBROS |
| Número Internacional Normalizado para Libros (ISBN) |
8403595328 |
| 040 ## - FUENTE DE LA CATALOGACIÓN |
| Centro transcriptor |
CDMR |
| 100 1# - PUNTO DE ACCESO PRINCIPAL-NOMBRE DE PERSONA |
| 9 (RLIN) |
3530 |
| Nombre de persona |
Spengler, Christine |
| 245 10 - MENCIÓN DE TÍTULO |
| Título |
Entre la luz y la sombra |
| Resto del título |
: autobiografía de una corresponsal de guerra |
| Mención de responsabilidad, etc. |
Christine Spengler |
| 260 ## - PUBLICACIÓN, DISTRIBUCIÓN, ETC. (PIE DE IMPRENTA) |
| Lugar de publicación, distribución, etc. |
Madrid |
| Nombre del editor, distribuidor, etc. |
El País / Aguilar |
| Fecha de publicación, distribución, etc. |
DL 1999 |
| 300 ## - DESCRIPCIÓN FÍSICA |
| Extensión |
428 p. |
| 600 1# - PUNTO DE ACCESO ADICIONAL DE MATERIA - NOMBRE DE PERSONA |
| 9 (RLIN) |
3530 |
| Nombre de persona |
Spengler, Christine |
| Subdivisión de forma (R ) |
Biografia |
| 650 04 - PUNTO DE ACCESO ADICIONAL DE MATERIA - TÉRMINO DE MATERIA |
| 9 (RLIN) |
3678 |
| Término de materia o nombre geográfico como elemento inicial |
Corresponsals de guerra |
| Subdivisión de forma |
Relats personals |
| 650 04 - PUNTO DE ACCESO ADICIONAL DE MATERIA - TÉRMINO DE MATERIA |
| 9 (RLIN) |
1270 |
| Término de materia o nombre geográfico como elemento inicial |
Fotoperiodisme |
| 650 04 - PUNTO DE ACCESO ADICIONAL DE MATERIA - TÉRMINO DE MATERIA |
| 9 (RLIN) |
2913 |
| Término de materia o nombre geográfico como elemento inicial |
Dones periodistes |
| 942 ## - ENTRADA DE ELEMENTOS AGREGADOS (KOHA) |
| Fuente de clasificaión o esquema |
|
| Koha [por defecto] tipo de item |
Monografies |